000 00601nam a2200229Ia 4500
005 20250409162844.0
008 008 250409s9999 xx 000 0 eng d
020 _a9789384852269
037 _aTextbook
040 _aLCT
_beng
_cLCT
041 _aeng
_2eng
084 _aZ,181/Q16;4
_qLCT
100 _aParanjape, N.V.
245 4 _aThe Company Law
_cby N.V. Paranjape
250 _a7th ed.
260 _aAllahabad
_bCentral Law Agency
_c2016
300 _acviii, 649p.
365 _aINR
_b500
650 _aLaw
942 _cTB
_hZ,181/Q16;4
999 _c1308716
_d1308716